2002 FIFA World Cup Knockout Stage - Statistics

General Stats
  • This quiz has been taken 991 times
  • The average score is 12 of 16
Answers on the Map
Answers color-coded by a green-red scale on the quiz's map according to % correct below.
 
Answer Stats
% Correct
Brazil
98%
Germany
96%
Italy
93%
South Korea
93%
Spain
91%
England
85%
Japan
84%
Turkey
80%
United States
79%
Mexico
75%
Belgium
68%
Sweden
68%
Senegal
64%
Denmark
60%
Ireland
48%
Paraguay
48%
No matching quizzes found
Score Distribution
Percent of People with Each Score
Percentile by Number Answered
Your Score History
You have not taken this quiz